League of Legends Champions umschrieben 2 - Statistiken

Allgemein
  • Dieses Quiz wurde 589 mal gespielt
  • Das Durchschnittsergebnis liegt bei 12 aus 15
Antwortstatistiken
Hint Antwort % Korrekt
Schmied Ornn
95%
OK. Rammus
90%
YU-GI-OH Spieler Twisted Fate
90%
Bambi Lilia
89%
Void Bogenschütze Varus
89%
Schwester von Kayle Morgana
88%
Steinbändigerin Taliyah
86%
Tauchender Koloss Nautilus
82%
Spielt gerne mit Bällen Syndra
81%
Ninja, isst gerne Ramen Akali
78%
Wäre gerne Bäcker Pantheon
74%
Hula Hoop Reifen Qiyana
73%
Pringles-Mann Braum
71%
Steroide Dr. Mundo
57%
Hemomancer Vladimir
56%
Keine übereinstimmenden Quizze gefunden
Verteilung der Resultate
Anzahl Personen mit jedem Resultat
Perzentil nach korrekt beantworteten Fragen
Ihre Resultats-Entwicklung
Sie haben dieses Quiz noch nicht gespielt